000 01195nam a22002177a 4500
999 _c16820
_d16820
005 20251125232848.0
008 s2537 th tha d
040 _aNALT
041 _atha
245 1 0 _aคำอธิบายข้อบังคับ ก.พ.ว่าด้วยจรรยาบรรณของข้าราชการพลเรือน พ.ศ. 2537
260 3 _aกรุงเทพฯ :
_bสำนักเสริมสร้างวินัยและรักษาระบบคุณธรรม สำนักงานคณะกรรมการข้าราชการพลเรือน,
_c2537
300 _a65 หน้า ;
_b 27 ซม.
650 0 4 _aจรรยาบรรณ
650 0 4 _aจรรยาบรรณข้าราชการพลเรือน
650 0 4 _aจรรยาบรรณข้าราชการพลเรือน (ข้อบังคับ ก.พ.) -- 2537
850 _aNALT
856 4 0 _uhttps://hdl.handle.net/20.500.14156/460613
_71
942 _cLB
_2lcc
998 _j25
_k นีลวัสน์ อินทรักษา
090 _aKE65.1 ค122ค